000 01021nam a2200301Ia 4500
003 OSt
005 20250801145442.0
008 191128s9999 xx 000 0 und d
020 _a9789589237922
040 _aCO-JMCR
_cCO-JMCR
041 _aspa
082 _aJ-C
_bRIOt
100 _aRíos Lopera, Daniel, autor
_94871
245 0 _aLos tiburones a veces tienen pesadillas /
245 0 _cDaniel Ríos Lopera
250 _aSegunda edición
260 _aMedellín
260 _bAlcaldía de Medellín
260 _c2009
300 _a58 páginas
300 _c 22 cm
490 _aColección premios y becas a la creación. El tambor arlequín
500 _a"Beca de creación en cuento jóvenes inéditos Medellín 2008"--tapa
520 _aLos tiburones a veces tienen pesadillas le dan la bienvenida y le agradecen a usted, amiga o amigo lector, por darle la oportunidad al menos de ojear las páginas de este libro.
546 _aspa
650 _aCuentos colombianos
_94872
942 _2ddc
_cBK
999 _c3780
_d3780